000 00713nam a2200217Ia 4500
003 GCL
008 140319s9999 xx 000 0 ara d
040 _aGCL /
_cGCL
082 0 4 _a251.12
_bم ت
100 1 _aمحمد ناصر الدين الالبانى
245 1 0 _aتمام المنه فى التعليق على فقه السنه /
_cمحمد ناصر الدين الالبانى
250 _aالثانية
260 _aالاردن :
_bالمكتبة الاسلامية
300 _a473 ص ؛
_c24 سم
490 _a
650 0 4 _aالحديث
650 0 4 _aالفقه الاسلامى
650 0 4 _aالاحاديث النبوية
650 0 4 _aالسنة النبوية
942 _2ddc
_cBK
999 _c53482
_d53482